MARC

LEADER 00000nam0a2200000 4500
001 303632
005 20231102001625.0
035 |a (RuTPU)RU\TPU\book\328858 
090 |a 303632 
100 |a 20150903d1963 k y0rusy50 ca 
101 0 |a rus 
102 |a RU 
105 |a a z 001zy 
200 1 |a Электроизоляционные материалы в конструкциях выключателей и трансформаторов тока высого напряжения  |f И. Г. Коровяковский 
210 |a Москва  |c Госэнергоиздат  |d 1963 
215 |a 88 с.  |c ил. 
320 |a Библиогр.: с. 87-88. 
606 1 |a Электроизоляционные материалы, теплостойкие  |2 stltpush  |3 (RuTPU)RU\TPU\subj\20080  |9 45221 
606 1 |a Выключатели воздушные высокого напряжения  |x Эксплуатация  |2 stltpush  |3 (RuTPU)RU\TPU\subj\3871  |9 32213 
610 1 |a трансформаторы 
610 1 |a высокое напряжение 
610 1 |a электрические характеристики 
610 1 |a горение 
610 1 |a гашение 
610 1 |a дугогасительные устройства 
610 1 |a заливка 
610 1 |a эпоксидиановые смолы 
675 |a 621.315.61:53  |v 3 
675 |a 621.316.542.027  |v 3 
700 1 |a Коровяковский  |b И. Г.  |g Илья Григорьевич 
801 1 |a RU  |b 63413507  |c 20150903 
801 2 |a RU  |b 63413507  |c 20151006  |g RCR 
942 |c BK